000 01169nam1a22002651i 4500
001 v19\rc\1220339
005 20260407002230.0
035 _a(NLR Aleph) 004382580
090 _a3646113
_c3646113
100 _a20060306d1875 |||y0rusy50 ca
101 0 _arus
102 _aRU
105 _ay z |||||
200 1 _aБюллетень о мореходных классах...
_f[Соч.] члена-делопроизводителя О-ва для содействия рус. торг. мореходству
210 _a[Москва]
_dценз. 1875
300 _aВ конце текста сост.: Х. Вальдемар
300 _aВ изд. 1876-1877 загл.: Бюллетень о мореходных школах
517 0 _aБюллетень о мореходных школах
702 1 _aВальдемар
_bХ.
_4220
710 0 2 _aОбщество для содействия русскому торговому мореходству
_cМосква
_3RU\NLR\AUTH\889992787
_9481918
801 0 _aRU
_bNLR
_gpsbo
801 1 _aRU
_bProSoft-M
_2rusmarc
852 _aNLR
_j18.116.1.295
852 _aNLR
_j+Шифры разные
942 _cBOOK